[Event "New York op"]
[Site "New York"]
[Date "1989.??.??"]
[Round "1"]
[White "Polgar, Judit"]
[Black "De la Villa Garcia, Jesus Maria"]
[Result "1-0"]
[WhiteElo "2555"]
[BlackElo "2430"]
[PlyCount "69"]
[EventDate "1989.03.??"]
[EventType "swiss"]
[EventRounds "9"]
[EventCountry "USA"]
[Source "ChessBase"]
[SourceDate "2004.01.01"]

1. e4 e6 2. d4 d5 3. Nc3 Bb4 4. Nge2 Nc6 5. a3 Ba5 6. Be3 Nf6 7. e5 Ng4 8. Bf4
f6 9. Ng3 Nxf2 10. Kxf2 Bb6 11. Ke1 Bxd4 12. Bb5 O-O 13. exf6 Qxf6 14. Rf1
Bxc3+ 15. bxc3 Qxc3+ 16. Bd2 Qe5+ 17. Be2 Bd7 18. Rb1 b6 19. Rb3 Rxf1+ 20. Kxf1
Nd4 21. Re3 Rf8+ 22. Kg1 Qf4 23. Kh1 Qf2 24. Bd3 Ba4 25. Re1 Qf7 26. Qg4 c5 27.
c3 Nb3 28. Bh6 c4 29. Rf1 Qe7 30. Rxf8+ Qxf8 31. Qxe6+ Kh8 32. Nf5 cxd3 33. Qe5
d2 34. Bxg7+ Kg8 35. Nh6# 1-0

[Event "EU-ch 2nd"]
[Site "Ohrid"]
[Date "2001.06.09"]
[Round "8"]
[White "Polgar, Judit"]
[Black "Asrian, Karen"]
[Result "1-0"]
[WhiteElo "2678"]
[BlackElo "2582"]
[PlyCount "77"]
[EventDate "2001.06.01"]
[EventType "swiss"]
[EventRounds "13"]
[EventCountry "YUG"]
[Source "ChessBase"]
[SourceDate "2001.09.13"]

1. e4 c6 2. d4 d5 3. f3 e6 4. Nc3 Bb4 5. Bf4 Nf6 6. Qd3 b6 7. Nge2 O-O 8. O-O-O
c5 9. a3 c4 10. Qe3 Be7 11. g4 Bb7 12. Ng3 dxe4 13. g5 Nd5 14. Nxd5 Qxd5 15.
fxe4 Qb5 16. d5 Nd7 17. Qc3 Rfc8 18. Nh5 Bf8 19. Bd6 e5 20. Bxf8 Rxf8 21. Bh3
Rfe8 22. Rhg1 Nf8 23. Rdf1 Ng6 24. Bf5 Qc5 25. Qf3 Rf8 26. c3 Rad8 27. Qg3 Bc8
28. Qh3 Kh8 29. Rg4 Bxf5 30. Rxf5 Kg8 31. Kb1 Rfe8 32. Rg3 Qd6 33. Nxg7 Nf4 34.
Nxe8 Rxe8 35. Qh6 Qd7 36. Rg1 Nxd5 37. g6 Nxc3+ 38. bxc3 Qd3+ 39. Kb2 1-0